000 01072cam a2200217 4500
001 WB@3612-376
008 040803n2004 000 0 eng u
035 _a(Sirsi) u127001
245 _aImproving private sector housing in Scotland
260 _c2004
490 _aRegeneration and Renewal
_v30 July 2004 9 (1)
520 _aThe consultation paper "Maintaining houses, preserving homes" has been published by the Scottish Executive. It sets out measures to improve the quality of private sector housing. Local authorities could get the power to step in against negligent owners, repairing their property and billing them for the work. Other powers include action being taken to improve entire neighbourhoods where standards have fallen below acceptable levels. View the paper at: http://www.scotland.gov.uk/consultations/housing/m hphcr-00.asp.
590 _aWB
590 _aWB
650 _aPRIVATE SECTOR HOUSING
650 _aREGENERATION PROGRAMMES
650 _aREPAIR AND MAINTENANCE
650 _aPROPERTY LAW
690 _aHOUSING
942 _n0
999 _c117810
_d117810